[Event "Bosnjaci op 27th"]
[Site "Bosnjaci"]
[Date "2023.01.06"]
[Round "5"]
[White "Damjanovic, Stjepan"]
[Black "Sabic, Tomislav"]
[Result "0-1"]
[WhiteElo "2190"]
[BlackElo "1951"]
[PlyCount "34"]
[EventDate "2023.01.03"]
[EventType "swiss"]
[EventRounds "9"]
[EventCountry "CRO"]
[SourceTitle "CBM 212 Extra"]
[Source "ChessBase"]
[SourceDate "2023.03.31"]
[SourceVersion "1"]
[SourceVersionDate "2023.03.31"]
[SourceQuality "1"]

1. b3 e5 2. Bb2 Nc6 3. e3 d5 4. Bb5 Bd6 5. f4 f6 6. Qf3 Nge7 7. fxe5 fxe5 8. c4 Bd7 9. Ne2 Rf8 10. Qh5+ g6 11. Qxh7 Nb4 12. Bxd7+ Qxd7 13. Nbc3 Qf5 14. Nc1 d4 15. Nb5 d3 16. Qh4 Nc2+ 17. Kd1 Qf1+ 0-1

[Event "EU-ch Amateur U2000"]
[Site "Zagreb"]
[Date "2022.08.21"]
[Round "9"]
[White "Sabic, Tomislav"]
[Black "Golubovic, Erik"]
[Result "1-0"]
[WhiteElo "1973"]
[BlackElo "1612"]
[PlyCount "65"]
[EventDate "2022.08.14"]
[EventType "swiss"]
[EventRounds "9"]
[EventCountry "CRO"]
[SourceTitle "CBM 210 Extra"]
[Source "ChessBase"]
[SourceDate "2022.11.30"]
[SourceVersion "1"]
[SourceVersionDate "2022.11.30"]
[SourceQuality "1"]

1. e4 c5 2. Nf3 d6 3. b3 Nf6 4. Nc3 Nc6 5. Bb5 Bd7 6. Qe2 Nd4 7. Bxd7+ Qxd7 8. Nxd4 cxd4 9. Nd5 e5 10. Nxf6+ gxf6 11. c3 dxc3 12. dxc3 Bg7 13. c4 f5 14. f3 0-0 15. 0-0 fxe4 16. fxe4 f5 17. Ba3 Rad8 18. Rad1 Qe6 19. exf5 Rxf5 20. Rxf5 Qxf5 21. Bxd6 Bf8 22. Rf1 Qe6 23. Rxf8+ Rxf8 24. Bxf8 Kxf8 25. Qf3+ Ke8 26. Qxb7 e4 27. Qb8+ Kf7 28. Qxa7+ Kf8 29. Qb8+ Ke7 30. c5 Qg4 31. Qd6+ Ke8 32. c6 Qe2 33. h3 1-0

[Event "EU-ch Amateur U2000"]
[Site "Zagreb"]
[Date "2022.08.20"]
[Round "8"]
[White "Sabic, Tomislav"]
[Black "Mudrinic, Nenad"]
[Result "1-0"]
[WhiteElo "1973"]
[BlackElo "1841"]
[PlyCount "35"]
[EventDate "2022.08.14"]
[EventType "swiss"]
[EventRounds "9"]
[EventCountry "CRO"]
[SourceTitle "CBM 210 Extra"]
[Source "ChessBase"]
[SourceDate "2022.11.30"]
[SourceVersion "1"]
[SourceVersionDate "2022.11.30"]
[SourceQuality "1"]

1. e4 c6 2. Nf3 d5 3. Nc3 dxe4 4. Nxe4 Nf6 5. Qe2 Nxe4 6. Qxe4 Qd5 7. Qh4 Bf5 8. Bc4 Qd7 9. Bxf7+ Kd8 10. Bb3 Qd6 11. d4 Nd7 12. Ng5 Bg6 13. Bf4 Qf6 14. 0-0 h6 15. Ne6+ Kc8 16. Qg3 a5 17. Bb8 Ne5 18. Bxe5 1-0

[Event "EU-ch Amateur U2000"]
[Site "Zagreb"]
[Date "2022.08.16"]
[Round "3"]
[White "Djuric, Leon"]
[Black "Sabic, Tomislav"]
[Result "1/2-1/2"]
[WhiteElo "1583"]
[BlackElo "1973"]
[PlyCount "115"]
[EventDate "2022.08.14"]
[EventType "swiss"]
[EventRounds "9"]
[EventCountry "CRO"]
[SourceTitle "CBM 210 Extra"]
[Source "ChessBase"]
[SourceDate "2022.11.30"]
[SourceVersion "1"]
[SourceVersionDate "2022.11.30"]
[SourceQuality "1"]

1. d4 Nf6 2. c4 Nc6 3. Nf3 e6 4. e3 Bb4+ 5. Bd2 a5 6. a3 Bxd2+ 7. Nbxd2 d6 8. Bd3 0-0 9. 0-0 e5 10. Qc2 Bg4 11. d5 Ne7 12. b4 axb4 13. axb4 Qd7 14. h3 Bxf3 15. Nxf3 b5 16. e4 bxc4 17. Qxc4 Rfb8 18. Rxa8 Rxa8 19. Rc1 Ra7 20. Kh2 Qd8 21. Nd2 Qb8 22. Nb3 Qb6 23. Rc2 Ne8 24. Na5 Kf8 25. g3 Ra8 26. Kg2 g6 27. Qb5 Rb8 28. Qxb6 Rxb6 29. b5 Rb8 30. Rb2 Nc8 31. Nc6 Ra8 32. Nb4 Ra3 33. Bf1 Nb6 34. Rc2 Ke7 35. Be2 Na4 36. Na6 Kd8 37. Bg4 h5 38. Be2 Nc3 39. f3 Nxe2 40. Rxe2 Rb3 41. Nb8 Rxb5 42. Nc6+ Kd7 43. Ra2 Nf6 44. Ra8 Nxd5 45. exd5 Rxd5 46. Nb4 Rd2+ 47. Kf1 h4 48. g4 Rh2 49. Ra7 Rxh3 50. Kg2 Rg3+ 51. Kf2 e4 52. fxe4 Rxg4 53. Nd5 Ke6 54. Nxc7+ Ke5 55. Nb5 Rf4+ 56. Kg2 Kxe4 57. Nxd6+ Kd5 58. Rxf7 1/2-1/2

[Event "Bosnjaci op 26th"]
[Site "Bosnjaci"]
[Date "2022.01.04"]
[Round "2"]
[White "Sabic, Tomislav"]
[Black "Dutina, Dario"]
[Result "1/2-1/2"]
[WhiteElo "1939"]
[BlackElo "2197"]
[PlyCount "87"]
[EventDate "2022.01.03"]
[EventType "swiss"]
[EventRounds "9"]
[EventCountry "CRO"]
[SourceTitle "EXT 2023"]
[Source "ChessBase"]
[SourceDate "2022.10.05"]
[SourceVersion "1"]
[SourceVersionDate "2022.10.05"]
[SourceQuality "1"]

1. e4 e5 2. Nf3 Nc6 3. d4 exd4 4. Bc4 Nf6 5. e5 d5 6. Bb5 Nd7 7. 0-0 Be7 8. Re1 0-0 9. Bxc6 bxc6 10. Nxd4 Nb8 11. f4 c5 12. Nf3 f5 13. c3 a5 14. Be3 a4 15. Qc2 Be6 16. Qf2 Na6 17. b3 h6 18. Nbd2 g5 19. Red1 g4 20. Ne1 Qd7 21. Nc2 Rfb8 22. h3 h5 23. Rf1 Kf7 24. h4 Rd8 25. g3 Nb4 26. cxb4 d4 27. Rfd1 axb3 28. Nxb3 Bxb3 29. axb3 dxe3 30. Nxe3 Rxa1 31. Rxa1 cxb4 32. Rd1 Qe6 33. Rxd8 Bxd8 34. Qc2 Kg6 35. Qc4 Qxc4 36. Nxc4 Be7 37. Kf2 Bc5+ 38. Ke2 Kf7 39. Ne3 Ke6 40. Kd3 Ba7 41. Ke2 Bd4 42. Kd3 Ba7 43. Ke2 Bd4 44. Kd3 1/2-1/2

[Event "Zagreb Damjanovic Memorial 3rd"]
[Site "Zagreb"]
[Date "2019.11.16"]
[Round "8"]
[White "Sabic, Tomislav"]
[Black "Alfirevic, Duje"]
[Result "1/2-1/2"]
[WhiteElo "1882"]
[BlackElo "1924"]
[PlyCount "60"]
[EventDate "2019.11.09"]
[EventType "swiss"]
[EventRounds "9"]
[EventCountry "CRO"]
[SourceTitle "CBM 193 Extra"]
[Source "ChessBase"]
[SourceDate "2020.01.31"]
[SourceVersion "1"]
[SourceVersionDate "2020.01.31"]
[SourceQuality "1"]

1. d4 d5 2. c4 c6 3. Nf3 Nf6 4. Nc3 dxc4 5. a4 Bf5 6. e3 e6 7. Bxc4 Bb4 8. 0-0 Nbd7 9. h3 0-0 10. Nh4 Bg6 11. Nxg6 hxg6 12. Qc2 Qe7 13. Bd2 e5 14. Ne2 Rfd8 15. Bxb4 Qxb4 16. Qb3 Qxb3 17. Bxb3 exd4 18. Nxd4 Nc5 19. Bc4 a5 20. b3 Na6 21. Rfd1 Nb4 22. Nf3 Ne4 23. Ne5 Nd6 24. Kf1 Kf8 25. Ke2 g5 26. f3 Ke8 27. Rd2 Nxc4 28. Nxc4 Nd5 29. Rd3 Rd7 30. Rxd5 Rxd5 1/2-1/2

[Event "Zagreb Damjanovic Memorial 3rd"]
[Site "Zagreb"]
[Date "2019.11.13"]
[Round "5"]
[White "Cebalo, Miso"]
[Black "Sabic, Tomislav"]
[Result "1/2-1/2"]
[WhiteElo "2184"]
[BlackElo "1882"]
[PlyCount "110"]
[EventDate "2019.11.09"]
[EventType "swiss"]
[EventRounds "9"]
[EventCountry "CRO"]
[SourceTitle "CBM 193 Extra"]
[Source "ChessBase"]
[SourceDate "2020.01.31"]
[SourceVersion "1"]
[SourceVersionDate "2020.01.31"]
[SourceQuality "1"]

1. Nf3 Nf6 2. c4 e6 3. Nc3 d5 4. cxd5 exd5 5. d4 c6 6. Bg5 h6 7. Bh4 Be7 8. e3 Bf5 9. Bd3 Bxd3 10. Qxd3 Nbd7 11. 0-0 0-0 12. Rab1 Ne4 13. Nxe4 Bxh4 14. Nc3 Be7 15. b4 Bd6 16. b5 Nb6 17. bxc6 bxc6 18. Rfc1 Nc4 19. Nd2 Nxd2 20. Qxd2 Rb8 21. Rxb8 Qxb8 22. g3 Qb4 23. Qd3 Qa3 24. Qc2 Rb8 25. Rb1 Rxb1+ 26. Nxb1 Qb4 27. Kg2 c5 28. dxc5 Bxc5 29. Nd2 d4 30. Nb3 Bb6 31. Qe4 Qa4 32. exd4 Qxa2 33. Qe8+ Kh7 34. Qxf7 Qc2 35. Qe6 Qd3 36. h4 h5 37. Qd5 g6 38. Nc5 Bxc5 39. Qf7+ Kh6 40. dxc5 Qe4+ 41. Qf3 Qc2 42. Qf8+ Kh7 43. Qe7+ Kh6 44. Qxa7 Qe4+ 45. Kh2 Qc2 46. Kg1 Qb1+ 47. Kg2 Qe4+ 48. Kf1 Qh1+ 49. Ke2 Qe4+ 50. Kd2 Qd4+ 51. Kc1 Qc3+ 52. Kb1 Qb3+ 53. Ka1 Qc3+ 54. Ka2 Qc2+ 55. Ka3 Qc3+ 1/2-1/2

[Event "Zagreb Damjanovic Memorial 3rd"]
[Site "Zagreb"]
[Date "2019.11.09"]
[Round "1"]
[White "Mrdja, Milan"]
[Black "Sabic, Tomislav"]
[Result "0-1"]
[WhiteElo "2306"]
[BlackElo "1882"]
[PlyCount "112"]
[EventDate "2019.11.09"]
[EventType "swiss"]
[EventRounds "9"]
[EventCountry "CRO"]
[SourceTitle "CBM 193 Extra"]
[Source "ChessBase"]
[SourceDate "2020.01.31"]
[SourceVersion "1"]
[SourceVersionDate "2020.01.31"]
[SourceQuality "1"]

1. e4 Nf6 2. e5 Nd5 3. Nc3 Nxc3 4. dxc3 d5 5. Be3 Bf5 6. Qe2 c6 7. 0-0-0 e6 8. f4 Nd7 9. Nf3 Qa5 10. Kb1 Be7 11. Rg1 h5 12. g3 0-0-0 13. h3 Kb8 14. Nd4 Be4 15. Nb3 Qa4 16. Rd4 Qa6 17. Qxa6 bxa6 18. Bxa6 h4 19. g4 g5 20. fxg5 Rhg8 21. Nd2 Nc5 22. Rb4+ Ka8 23. Nxe4 Nxe4 24. Bb7+ Kb8 25. Rxe4 dxe4 26. Bxc6 Bxg5 27. Bd4 e3 28. a4 Bf4 29. Rf1 e2 30. Re1 Be3 31. Rxe2 Bxd4 32. cxd4 Rxd4 33. Rf2 Rg7 34. b3 Kc7 35. Be8 Rd5 36. Bxf7 Kd7 37. Bh5 Rxe5 38. Rf3 Re1+ 39. Kb2 Rg1 40. Rd3+ Ke7 41. b4 Rg3 42. b5 Rg8 43. Rc3 Rxc3 44. Kxc3 Rf8 45. a5 Kd6 46. Kb4 Rf3 47. c4 Rxh3 48. c5+ Kc7 49. b6+ axb6 50. axb6+ Kb7 51. Kb5 Rb3+ 52. Kc4 Re3 53. Kb5 Re5 54. Be8 h3 55. Bc6+ Kb8 56. Kc4 h2 0-1